| 000 | 00570nam a22001817a 4500 | ||
|---|---|---|---|
| 999 |
_c15823 _d15823 |
||
| 003 | AR-CdUCM | ||
| 008 | 190430b ||||| |||| 00| 0 spa d | ||
| 040 |
_aMUNICIPALIDAD PROVINCIAL DEL CUSCO _cBIBLIOTECA MUNICIPAL DEL CUSCO |
||
| 082 |
_a410 / _bL28 |
||
| 100 |
_aMannhewim, Bruce _935015 |
||
| 245 | _aThe language of the Inka since the European invasión / | ||
| 260 |
_bUniversity of Texas press _c1991. |
||
| 300 |
_a326 paginas ; _c23 cm. |
||
| 650 |
_aLenguaje _95227 |
||
| 650 |
_aTexto en ingles _933481 |
||
| 942 |
_2ddc _cLIBROS |
||
| 945 |
_arjall _d2019-04-30 |
||